000 00422nam a2200157Ia 4500
008 230917s9999||||xx |||||||||||||| ||und||
040 _e238551
_aMAIN
041 _aEnglish
082 _a301.412 R835G
100 _aRudra, Tanmoy
245 0 _aGender equality and human rights
260 _aNew Delhi
_bJnanada Prakashan
_c2017
300 _avi, 379 p.
500 _a2643 06/03/2017 Women Studies Centre
942 _cBK
999 _c21737
_d21737